Central Library OPAC University of Rajshahi

Post harvest techniques and utilization of some Fishes and small prawns with market study / (Record no. 81179)

MARC details
000 -LEADER
fixed length control field 00923nam a22002417a 4500
001 - CONTROL NUMBER
RUCL Control Number 81179
003 - CONTROL NUMBER IDENTIFIER
rucl marc code BD-RjUL
005 - DATE AND TIME OF LATEST TRANSACTION
control field 20231018102838.0
008 - FIXED-LENGTH DATA ELEMENTS--GENERAL INFORMATION
fixed length control field 230206s2015 bg a|||| m||| 00| 0 eng d
035 ## - SYSTEM CONTROL NUMBER
system control number (BD-RjUL)81179
040 ## - CATALOGING SOURCE
Original cataloging agency BD-RjUL
Language of cataloging eng
Transcribing agency BD-RjUL
Modifying agency BD-RjUL
041 ## - LANGUAGE CODE
Language code of Book eng
082 ## - DEWEY DECIMAL CLASSIFICATION NUMBER
DDC Edition number 23
Classification number 595.388
Author mark and Year JAP 2015
100 ## - MAIN ENTRY--PERSONAL NAME
Personal name Jahan, Syeda Nusrat,
9 (RLIN) 6860
245 10 - TITLE STATEMENT
Title Post harvest techniques and utilization of some Fishes and small prawns with market study /
Statement of responsibility, etc Submitted By Syeda Nusrat Jahan ;
Name of Supervisor/Co-Supervisor Supervisor : Fawzia Adib Flowra,
260 ## - PUBLICATION, DISTRIBUTION, ETC. (IMPRINT)
Place of publication, distribution, etc Rajshahi :
Name of publisher, distributor, etc Department of Fisheries, University of Rajshahi,
Date of publication, distribution, etc 2015
300 ## - PHYSICAL DESCRIPTION
Pagination viii, 191 leaves :
Other physical details ill, ;
Dimensions 29.cm.
502 ## - DISSERTATION NOTE
Dissertation note Thesis (Ph. D.) -- Department of Fisheries, University of Rajshahi, 2015
504 ## - BIBLIOGRAPHY, ETC. NOTE
Bibliography, etc References : Leaves 126 - 157
650 ## - SUBJECT ADDED ENTRY--TOPICAL TERM
Topical term or geographic name as entry element Prawns
Form subdivision Arthropoda
9 (RLIN) 6861
700 ## - ADDED ENTRY--SUPERVISOR/CO-SUPERVISOR NAME
Personal name Flowra, Fawzia, Adib, Supervisor
9 (RLIN) 6862
942 ## - ADDED ENTRY ELEMENTS (KOHA)
Source of classification or shelving scheme Dewey Decimal Classification
Koha item type Theses
Holdings
Source of classification or shelving scheme Damaged status Not for loan Collection code Permanent Location Current Location Shelving location Date of accession Source of acquisition Full call number Barcode Date last seen Copy number Thesis
Dewey Decimal Classification   Not For Loan Theses Central Library, University of Rajshahi Central Library, University of Rajshahi Documentation Section 21/07/2016 Controller of Exam. R.U. THE 595.388 JAP 2015 D3923 06/02/2023 C-1 Theses